|
|
|
|
| LEADER |
00000cam a2200000 7i4500 |
| 001 |
0000009121 |
| 005 |
20021119093000.0 |
| 020 |
|
|
|a 0201127938
|
| 090 |
0 |
0 |
|a PN4193.L4
|b M6 1997
|
| 100 |
0 |
|
|a Morrisey, George L. ,
|e author
|
| 245 |
0 |
0 |
|a Loud and clear :
|b how to prepare and deliver effective business and technical presentations
|c George L. Morrisey, Thomas L. Sechrest, Wendy B. Warman
|
| 250 |
|
|
|a 4th ed.
|
| 260 |
2 |
|
|a Reading, Mass. :
|b Addison-Wesley ,
|c c1997
|
| 300 |
|
|
|a xv, 201 p. :
|b ill. ; ;
|c 22 cm.
|
| 650 |
|
0 |
|a Business presentations
|
| 700 |
0 |
|
|a Sechrest, Thomas L. ,
|e author
|
| 700 |
0 |
|
|a Warman, Wendy B. ,
|e author
|
| 999 |
|
|
|a 1000072730
|b Book
|c OPEN SHELF (30 DAYS)
|e Gong Badak Campus
|